LEADER 01455nam a2200289 i 4500 001 000000178332 003 CaOOAMICUS 005 20090612000000.0 008 090612s2001 it u000 u mul u 013 $a155903 020 $a88-311-0214-1 040 $aSeMil$bita 100 1 $aSannazzaro, Iacopo,$d<1457-1530>.$0(OLS)http://semarc/name/8203 245 13$aDe partu virginis = Il parto della vergine :$bvolgarizzamento di Giovanni Giolito de' Ferrari (1588) a fronte /$cJacopo Sannazaro ; a cura di Stefano Prandi. 246 01$aIl parto della vergine : volgarizzamento di Giovanni Giolito de' Ferrari (1588) a fronte 260 $aRoma :$bCittà Nuova,$c2001. 300 $a426 p. ;$c19 cm. 490 0 $aArbor vitae 700 1 $aPrandi, Stefano,$d<1961- >.$0(OLS)http://semarc/name/66295 830 0$aArbor vitae.$0(OLS)http://semarc/title/28428 850 $aSeMil 852 $aSeMil$W1$xVenegono$y1$m1B I 384$j235862$B129111$CSeMilBibl$Z2$F142459 $81 961 $aOmaggio: Giuliani don Angelo 996 $6020$a88-311-0214-1$9(OLS)http://semarc/number/167309 996 $6245$aDe partu virginis = Il parto della vergine :$bvolgarizzamento di Giovanni Giolito de' Ferrari (1588) a fronte$9(OLS)http://semarc/title/256115 996 $6246$aIl parto della vergine : volgarizzamento di Giovanni Giolito de' Ferrari (1588) a fronte$9(OLS)http://semarc/title/256116 996 $6260$aRoma :$bCittà Nuova$9(OLS)http://semarc/publisher/29609 LEADER 00984nam a2200229 i 4500 001 000000115071 003 CaOOAMICUS 005 20030512000000.0 008 030512s1990 it u000 u ita u 013 $a87759 040 $aSeMil$bita 100 1 $aMiozzi, Maurizio.$0(OLS)http://semarc/name/40030 245 10$aAcqua passata non macina più :$bvecchi mulini della Valle Veddasca /$cMaurizio Miozzi. 260 $aVarese :$bJosca,$c1990. 300 $a127 p. :$briccamente ill. ;$c31 cm. 500 $aIn mezzo al front. : con il patrocinio del Comune di Curiglia con Monteviasco. 650 4$aVal Veddasca.$0(OLS)http://semarc/subject/8504 850 $aSeMil 852 $aSeMil$W1$xVenegono$y1$m3P VI 284$j70608$B70608$CSeMilBibl$Z2$F99173 $81 961 $aOmaggio: Ferrario mons. Emilio 996 $6245$aAcqua passata non macina più :$bvecchi mulini della Valle Veddasca$9(OLS)http://semarc/title/168408 996 $6260$aVarese :$bJosca$9(OLS)http://semarc/publisher/36200